| 000 | 00603nam a22002297a 4500 | ||
|---|---|---|---|
| 003 | OSt | ||
| 005 | 20180116182958.0 | ||
| 008 | 140617b xxu||||| |||| 00| 0 eng d | ||
| 020 | _a9788120345294 | ||
| 022 | _a9788120345294 | ||
| 040 | _c0 | ||
| 050 | _a658.300285 | ||
| 082 | _a658.300285 | ||
| 100 | _aBadgi,Satish M. | ||
| 245 |
_aPractical Guide to Human Resource Information Systems. _cSatish M.Badgi |
||
| 260 |
_aNew Delhi _bPHI Learning. _c2012 |
||
| 300 | _a249p. | ||
| 500 | _aPaper Cover | ||
| 600 | _aBadgi,Satish M. | ||
| 700 | _aBadgi,Satish M. | ||
| 942 |
_2ddc _cBK _k658.300285 |
||
| 999 |
_c349722 _d349722 |
||